00359nam a2200121 4500020000800000040001600008082001800024100002800042245007600070250001200146260004900158300003000207 qPB. cFIZZA ISHAQ a468.2421bHEN aHendrickson, James M.  aIntercambios: Spanish for Global Communication /cJames M. Hendrickson. a3rd ED. aLondon:bHeinle & Heinle Publishers, c1997. a346 P. ;c9 x 7.5 inches,